000 00337nam a22001337a 4500
999 _c12127
_d12127
008 220523b 2017 ||||| |||| 00| 0 eng d
020 _a978817409122X
100 _aBallaney, P. L.
245 _aTheory of machines and mechanisms
250 _a9th
260 _aNew Delhi
_bKhanna Publishers
_c2017
300 _a1348p.
942 _cGB